| 000 | 00605nam a2200229 a 4500 | ||
|---|---|---|---|
| 999 |
_c7901 _d7901 |
||
| 001 | 7901 | ||
| 003 | BD-JhCC | ||
| 005 | 20180215102011.0 | ||
| 008 | 180215s1976 b |||| || | 001 0 eng d | ||
| 035 | _a(BD-JhCC)7901 | ||
| 040 |
_aBD-JhCC _dBD-JhCC |
||
| 041 | _aeng | ||
| 082 |
_a301 _bKAR 1970 |
||
| 100 | _aKarim, A. K. Nazmul | ||
| 245 |
_aChanging Society in India, Pakistan and Bangladesh / _cA. K. Nazmul Karim, |
||
| 260 |
_aDacca : _bNawroze Kitabistan _c1976 |
||
| 300 |
_a163 p. : _c22 cm. |
||
| 504 | _aIncludes Bibliography | ||
| 650 | _aSociety | ||
| 942 |
_2ddc _cBK |
||